Early churches in Palestine /

Hlavní autor: Crowfoot, J. W. 1873-1959
Jazyk: Angličtina
Vydáno: London : Humphrey Milford :Oxford University Press, 1937
Edice: Schweich Lectures of the British Academy
Fyzický popis: xiv, [ii], 166 s., [30] s. obr. příl. : il., mapa ; 25 cm
Knihy
Uloženo v:
LEADER 00835nam a22002292a 4500
001 001907591
003 CZ BrMZK
005 20240919102357.0
007 ta
008 240910s1937 xxkabf er|||||||||||eng d
020 |q (Váz.) 
040 |a ABA001  |b cze  |c ABA001  |d BOA001 
100 1 |a Crowfoot, J. W.  |q (John Winter),  |d 1873-1959  |7 mzk2009521723  |4 aut 
245 1 0 |a Early churches in Palestine /  |c by J.W. Crowfoot 
260 |a London :  |b Humphrey Milford :  |b Oxford University Press,  |c 1937 
300 |a xiv, [ii], 166 s., [30] s. obr. příl. :  |b il., mapa ;  |c 25 cm 
490 1 |a The Schweich Lectures of the British Academy 
830 0 |a Schweich Lectures of the British Academy 
910 |a BOA001  |b 2-0191.923 
990 |a BK 
991 |b 202409 
996 7 |b 2618774942  |c 2-0191.923  |l MZK  |r Sklad / do 24 hodin  |n 0  |w 001976525  |u 000010  |a 1  |e BOA001  |j MZK50  |s A